| 000 | 00577nam a2200181 4500 | ||
|---|---|---|---|
| 001 | 143898 | ||
| 003 | ES-MaACL | ||
| 005 | 20250716062535.0 | ||
| 007 | t| | ||
| 008 | 070214s1931 fr r ||||1| fre d | ||
| 100 | 1 |
_aShakespeare, William, _d1564-1616 _9105992 |
|
| 245 | 1 | 3 |
_aLa tragédie du roi Lear / _cShakespeare ; traduction de Jules Derocquigny. |
| 260 |
_aParis : _bLes Belles Lettres, _c1931 ( _eAnvers [Bélgica] : _fFlor Burton) |
||
| 300 |
_a274 p. ; _c16 x 12 cm. |
||
| 700 | 1 |
_aDerocquigny, Jules. _943785 |
|
| 852 |
_aES-MaACL _jE-1232 |
||
| 999 |
_c143898 _d143898 |
||